000 00558nam a22001817a 4500
999 _c61783
_d61783
005 20240502124610.0
008 240502s1999 enk||||| |||| 00| 0 eng d
020 _a9780737300789x
041 _aeng
080 _a616.4 R-86
100 _aRosenthal, M. Sara
_922045
245 _aThe Type 2 Diabetic Woman /
_cM. Sara Rosenthal.
264 _aLos Angeles :
_bLowell House,
_c1999.
300 _a359 p.:
_b23 cm.
653 _aდიაბეტი ტიპი 2 ქალებში
653 _aმედიცინა
942 _2udc
_cᲬᲘᲒᲜᲘ